000 00324nam a2200133Ia 4500
005 20251222155048.0
008 251222s9999||||xx |||||||||||||| ||spa||
082 _aANT.31
100 _aY MEZA Jaime Javier
245 0 _aComo convertir huesos viejos huesos jóvenes
250 _a1ra. ed.
264 _bFenix
942 _cLIB
999 _c37187
_d37187